Slimane - Mon Amour (Lyrics) - Statistics

General Stats
  • This quiz has been taken 57 times
  • The average score is 137 of 194
Answer Stats
Lyrics % Correct
à
100%
a
100%
Amour
100%
amour
100%
Mon
100%
mon
100%
je
94%
tu
92%
quoi
88%
quoi?
88%
t'aime
88%
ce
83%
Dis
81%
dis
81%
ma
81%
Moi
81%
moi
81%
pas
81%
pour
79%
la
77%
que
77%
est
75%
penses
75%
ou
73%
si
73%
te
73%
de
71%
fait
71%
m'aimes
71%
pourqoui
71%
qui
71%
un
71%
pourquoi
69%
sais
69%
c'est
67%
en
67%
le
67%
mais
67%
même
67%
on
67%
toujours
67%
j'sais
65%
recommence
65%
sens
65%
nous
63%
peine
63%
vous
63%
du
60%
scène
60%
tout
60%
n'entends
58%
Paris
58%
rejoue
58%
rendez
58%
ça
56%
fais
56%
fin
56%
oh
56%
premier
56%
veux
56%
dans
54%
dérange
54%
fou
54%
reviens
54%
feu
52%
souviens
52%
c'était
50%
ferai
50%
j'te
50%
océan
50%
supplie
50%
peux
48%
allez
46%
compris
44%
j'ai
42%
t'attendrai
42%
l'impossible
38%
l'endroit
35%
t'en
35%
promets
33%
bête
31%
c'que
31%
rempli
31%
d'espoir
29%
n'viens
21%
sésolé
4%
No matching quizzes found
Score Distribution
Percent of People with Each Score
Percentile by Number Answered
Your Score History
You have not taken this quiz